Tannhäuser y los maestros cantores de Nuremberg

Wedi'i Gadw mewn:
Manylion Llyfryddiaeth
Prif Awduron: Cleather, Alice Leighton (Awdur), Crump, Basil (Awdur)
Fformat: Llyfr
Iaith:Sbaeneg
Cyhoeddwyd: Barcelona Gustavo Gili 1927
Pynciau:
Tagiau: Ychwanegu Tag
Dim Tagiau, Byddwch y cyntaf i dagio'r cofnod hwn!

MARC

LEADER 00000nam a2200000 a 4500
001 UCN3160
003 CL-VaPUC
008 010622e19270000SP |||||||||||||||||spa|d
082 0 4 |a 782.1092  |b CLE  |2 21 
100 0 |a Cleather, Alice Leighton  |e author  |9 459512 
700 0 |a Crump, Basil  |e author  |9 459513 
245 1 0 |a Tannhäuser y los maestros cantores de Nuremberg 
300 |a 173 p 
942 |c BK 
945 |d 20010622 00:00:00  |a crobeson 
260 |a Barcelona  |b Gustavo Gili  |c 1927 
600 0 |a Wagner, Wilhelm Richard  |9 265759 
650 7 |a OPERAS ALEMANAS - CRITICA E INTERPRETACION  |2 CL-VaPUC  |9 459510 
650 0 |a Compositores alemanes  |9 324765 
650 0 |a Música alemana, siglo 19  |9 459514 
650 0 |a Romanticismo en la música  |9 306753 
583 |a last modification  |c 20010622 00:00:00  |k Rodrigo Vera 
999 |c 296085  |d 296083